| 000 | 00882nam a2200265 i 4500 | ||
|---|---|---|---|
| 001 | 22959 | ||
| 003 | ES-MaACL | ||
| 005 | 20250815034612.0 | ||
| 007 | t| | ||
| 008 | 021205s1973 sp ||||1| spa d | ||
| 020 | _a84-211-7260-3 | ||
| 245 | 0 | 0 |
_aAlquimia y ocultismo / _cselección de textos y [traducción], Víctor Zalbidea, Victoria Paniagua, Elena Fernández de Cerro. |
| 250 | _a1ª ed. | ||
| 260 |
_aBarcelona : _bBarral, _c1973. |
||
| 300 |
_a421 p. : _bil. ; _c19 cm. |
||
| 490 | 1 |
_aEdiciones de bolsillo. Historia ; _v260 |
|
| 650 | 4 |
_aAlquimia. _99742 |
|
| 650 | 7 |
_aOcultismo _2embne _915681 |
|
| 700 | 1 |
_aZalbidea, Víctor. _9117873 |
|
| 700 | 1 |
_aPaniagua, Victoria. _988782 |
|
| 700 | 1 |
_aFernández de Cerro, Elena. _949648 |
|
| 830 | 1 | 0 |
_aEdiciones de bolsillo. _pHistoria _v260 _9181166 |
| 852 |
_aES-MaACL _jC-52040 |
||
| 999 |
_c22959 _d22959 |
||